000 00522nam a2200181Ia 4500
001 16037
005 20260306170240.0
008 260306t2015||||xx |||||||||||||| ||und||
041 _aESP
082 _a346.52
_bV75A
100 _aVisintini, Giovanna
_eAUT
245 0 _a¿Qué es la responsabilidad civil?:
_bfundamentos de la disciplina de los hechos ilícitos y del incumplimiento contractual
260 _c2015
300 _a339 páginas :
_c21 cm.
650 _aGEN
654 _aCDE
942 _cLIB
_dJUS
_fJUS
_2ddc
_n
999 _c16037
_d16037